Empresas de alto crecimiento

Detalles Bibliográficos
Autor principal: Grover Goswami, Arti
Otros Autores: Medvedev, Denis, Olafsen, Ellen
Formato: eBook
Lenguaje:español
Publicado: Bogot:̀ Universidad de Los Andes (Colombia), 2021
Materias:
Acceso en línea:Acceso restringido

MARC

LEADER 00000nam a22000007a 4500
005 20221025015942.0
007 cr|||| ||||
008 221025s2021 co |||||s|||| 00||0 spa d
020 |a 978-958-798-063-9 
035 |a 37410 
040 |a vLex 
090 |c 14049  |d 14049 
100 1 |a Grover Goswami, Arti 
245 1 0 |a Empresas de alto crecimiento  |h [Recurso electrn̤ico] /  |c Arti Grover Goswami, Denis Medvedev, Ellen Olafsen 
256 |a Servicio en ln̕ea 
260 |a Bogot:̀  |b Universidad de Los Andes (Colombia),  |c 2021 
300 |a 1 recurso electrn̤ico 
506 1 |a Disponible solo en los productos indicados  |d vLex Global  |d vLex Global (Academic Edition, excluding Law Schools)  |d vLex Global (U.S. Academic Edition, Law Schools)  |d vLex Global (U.S. Academic Edition, excluding Law Schools)  |d vLex Global (Academic Edition, Law Schools) 
650 0 4 |a Derecho Mercantil y de la Empresa  |z Colombia 
700 1 |a Medvedev, Denis 
700 1 |a Olafsen, Ellen 
740 0 |a vLex Libros (Servicio en ln̕ea) 
856 4 0 |u https://app.vlex.com/#/sources/37410  |z Acceso restringido 
942 |c BOOK 
999 0 |a Commercial and Company Law